000 01728cam a22004574i 4500
003 PE-LiUPU
005 20250731173504.0
008 150616s r 000 0 d
020 _a0883903709
035 _a(Sirsi) i9780883903704
040 _aPE-LiUPU
_bspa
_cPE-LiUPU
_erda
049 _aPRUA
082 0 4 _a254
_bL96
_221
100 1 _aLundy, James L.,
_eautor.
245 1 0 _aLead, Follow, or Get Out of The Way.
264 1 _aSan Diego, CA. :
_bPfeiffer & Company,
_c1993.
300 _a94 páginas ;
_c23 centímetros
336 _atext
_2rdacontent
337 _aunmediated
_2rdamedia
338 _avolume
_2rdacarrier
505 0 _aMajor challenges face those who would be leaders -- Getting off to a poor start is easy -- Syndromes can get in your way -- Power can complicate relationships -- Comunication: the key ingredient for effective group effort -- Results through participation can be addictive -- You can adopt-and-enjoy-a participate leadership style leaders.
526 _aSEG42
526 _aSEG41
526 _aSEG40
526 _aSEG39
526 _aP94
526 _aP87
526 _aP86
526 _aP85
526 _aP77
526 _aP76
526 _aP35
650 0 4 _aLIDERAZGO - ESTILOS.
910 _ajck
_bjvq
_cjck
942 _2ddc
_cBOOK
949 _a254 L96
_wDEWEY
_c1
_i40405
_lCCODEBUL1
_mBUL
_r0
_sY
_tBOOK
_u2015-6-16
_xTEOLOGIA
_zUNKNOWN
_0COMPRA
_o.STAFF. Colección General
994 _aC0
_bPEPRU
596 _a1
999 _a254 L96
_wDEWEY
_c58211
_i40405
_f2021-11-10
_g5
_lCCODEBUL1
_mBUL
_r0
_sY
_tBOOK
_u2015-6-16
_xTEOLOGIA
_zUNKNOWN
_0COMPRA
_o.STAFF. Colección General
_d58211
980 _81
_gALBERTO SANCHEZ Responsable de Automatización